Catálogo público

Ojetivos y Principios Fundamentales de un Derecho Comparado de la Alimentación. / (Record no. 171965)

MARC details
000 -CABECERA
campo de control de longitud fija 00891nam a2200265Ia 4500
001 - NÚMERO DE CONTROL
campo de control dia_1424
003 - IDENTIFICADOR DEL NÚMERO DE CONTROL
campo de control CHAP
005 - FECHA Y HORA DE LA ÚLTIMA TRANSACCIÓN
campo de control 20251021150514.0
008 - DATOS DE LONGITUD FIJA--INFORMACIÓN GENERAL
campo de control de longitud fija 220117s1967 xx 000 0 und d
010 ## - NÚMERO DE CONTROL DE LA BIBLIOTECA DEL CONGRESO
Número de control de LC 171965
040 ## - FUENTE DE LA CATALOGACIÓN
Centro/agencia transcriptor CHAP
082 ## - NÚMERO DE LA CLASIFICACIÓN DECIMAL DEWEY
Número de clasificación 614.31 B52
100 ## - ENTRADA PRINCIPAL--NOMBRE DE PERSONA
Nombre de persona Bigwood, E.J
9 (RLIN) 150728
240 ## - TÍTULO UNIFORME
Título uniforme Objetivos y Principios Fundamentales de un Derecho Comparado de la Alimentación
245 ## - MENCIÓN DE TÍTULO
Título Ojetivos y Principios Fundamentales de un Derecho Comparado de la Alimentación. /
Mención de responsabilidad, etc. por E.J. Bigwood [et al]
260 ## - PUBLICACIÓN, DISTRIBUCIÓN, ETC.
Lugar de publicación, distribución, etc. S.I
Fecha de publicación, distribución, etc. 1967
300 ## - DESCRIPCIÓN FÍSICA
Extensión S.p
650 ## - PUNTO DE ACCESO ADICIONAL DE MATERIA--TÉRMINO DE MATERIA
Término de materia o nombre geográfico como elemento de entrada Aditivos alimenticios
Subdivisión general leyes y legislación.i.t
9 (RLIN) 150729
650 ## - PUNTO DE ACCESO ADICIONAL DE MATERIA--TÉRMINO DE MATERIA
Término de materia o nombre geográfico como elemento de entrada Alimentos
Subdivisión general industria y comercio.
9 (RLIN) 131091
650 ## - PUNTO DE ACCESO ADICIONAL DE MATERIA--TÉRMINO DE MATERIA
Término de materia o nombre geográfico como elemento de entrada Alimentos
Subdivisión general leyes y legislación.
9 (RLIN) 150730
901 ## - ELEMENTOS DE DATOS A LOCAL LDA (RLIN)
a 614.31 B52
902 ## - ELEMENTOS DE DATOS B LOCAL, LDB (RLIN)
a M
905 ## - ELEMENTOS DE DATOS E LOCAL, LDE (RLIN)
a 0000001967 MEXX 0000000000ESP00
942 ## - ELEMENTOS DE PUNTO DE ACCESO ADICIONAL (KOHA)
Tipo de ítem Koha Libro
Fuente del sistema de clasificación o colocación Dewey Decimal Classification
Holdings
Estado de retiro Estado de pérdida Fuente del sistema de clasificación o colocación Estado dañado No para préstamo Código de colección Localización permanente Ubicación/localización actual Ubicación en estantería Fecha de adquisición Información codificada de la localización en otra ubicación Total de préstamos Código de barras Fecha visto por última vez Número de copia Precio válido a partir de Tipo de ítem Koha
    Dewey Decimal Classification     General Ingenieria Agroindustrial Ingenieria Agroindustrial   18/01/2022 1   dia_494 18/01/2022 1 18/01/2022 Libro